000 00473nas a2200169 a 4500
001 152711
003 246771
005 20201118123245.0
008 160914e2016 ve ||||||||| 000 0 spa d
041 _aspa
245 0 _aRevista del CLAD: reforma y democracia - No.65 (jun. 2016)
260 _aVenezuela :
_c2016.
562 _e10
773 _024637
_aReforma y democracia
942 _cSISS
999 _c152711
_d152711